000 01396nam a22003017a 4500
001 5469
003 FISKH
005 20241210093505.0
008 241210b cb ||||| |||| 00| 0 eng d
020 _a9781407227238
040 _aFISKH
_beng
_cFISKH
_dFISKH
050 _aPZ7
082 _a823.914
100 _aKenyon, Tony
_d(1963-)
245 _aOops! says Olly Bear /
_cTony Kenyon
250 _aFirst published in 2001
260 _aLondon :
_bOrion,
_c2001.
300 _a26 pages :
_bcolor illustrations ;
_c25 cm
505 _aE
520 _aOlly can't sleep. He wiggles and jiggles, falls out of bed, climbs back in, gets out to go to the bathroom, comes back to bed, wants a drink of milk, and goes down to the kitchen. Meanwhile, his mom and dad are woken by mysterious bumps, thumps, and bangs. But by the time they go up and check in Olly's room, Olly is fast asleep. Oops! Says Olly Bear introduces an adorably funny and memorable little bear character with whom all small children can identify. The pictures in soft crayon and muted nighttime colours, and the text with its gentle humor and repetition, tell a story of universal appeal.
521 8 _a260L
_bLexile
521 8 _aE
_bRaz-Plus
650 _2Fear
_aNighttime
650 _2Picture book
_aBedtime / Goodnight / Sleep
700 _aKenyon, Tony
_dIllustrator
942 _2ddc
_cBK
_n0
999 _c5469
_d5469